Protección natural de granos almacenados
Uloženo v:
| Hlavní autoři: | , |
|---|---|
| Další autoři: | |
| Médium: | Kniha |
| Jazyk: | španělština |
| Vydáno: |
Concepción
Universidad de Concepción
2005
|
| Témata: | |
| Tagy: |
Přidat tag
Žádné tagy, Buďte první, kdo vytvoří štítek k tomuto záznamu!
|
MARC
| LEADER | 00000nam a2200000 a 4500 | ||
|---|---|---|---|
| 001 | UCI6398 | ||
| 003 | CL-VaPUC | ||
| 008 | 080509e20050000CL |||||||||||||||||spa|d | ||
| 082 | 0 | 4 | |a 633.1 |b SIL |2 21 |
| 100 | 0 | |a Silva Aguayo, Gonzalo |e author |9 529283 | |
| 700 | |a Hepp Gallo, Ruperto Fernando |e autor |9 529284 | ||
| 700 | 0 | |a Tapia Vargas, Marítza |e author |9 529285 | |
| 245 | 1 | 0 | |a Protección natural de granos almacenados |
| 300 | |a 12 p | ||
| 942 | |c BK | ||
| 945 | |d 20080509 00:00:00 |a rbrito | ||
| 260 | |a Concepción |b Universidad de Concepción |c 2005 | ||
| 650 | 0 | |a Cereales |9 264300 | |
| 650 | 0 | |a Almacenamiento |9 341876 | |
| 650 | 7 | |a FUMIGANTES |2 CL-VaPUC |9 473908 | |
| 650 | 0 | |a Control de plagas |9 327373 | |
| 583 | |a last modification |c 20080509 00:00:00 |k Rodrigo Vera | ||
| 999 | |c 329913 |d 329911 | ||
| 952 | |0 0 |1 0 |4 0 |6 633_100000000000000_SIL_2005 |7 0 |8 A |9 415122 |a BIBAGR |b BIBAGR |d 2019-11-22 |i 4437004 |o 633.1 SIL 2005 |p 4437004 |r 2025-01-20 |w 2019-11-22 |y BK |k AGR | ||